书目信息 |
| 题名: |
天方夜谭
|
|
| 作者: | 敖凡 主编 | |
| 分册: | ||
| 出版信息: | 成都 四川人民出版社 1994.05 |
|
| 页数: | 104页 | |
| 开本: | 24开 | |
| 丛书名: | ||
| 单 册: | ||
| 中图分类: | H319.4 | |
| 科图分类: | ||
| 主题词: | 英语 | |
| 电子资源: | ||
| ISBN: | 7-220-03243-9 | |
| 000 | 00523nam0 2200193 45 | |
| 001 | 0008100982 | |
| 005 | 20000810104044.9 | |
| 010 | @a7-220-03243-9@d5.90元 | |
| 100 | @a20000810d1994 km y0chiy0120 ea | |
| 101 | 0 | @achi |
| 105 | @a z 000yy | |
| 200 | 1 | @a天方夜谭@ATian Fang Ye Tan@f敖凡 主编@FAo Fan Zhu Bian |
| 210 | @a成都@c四川人民出版社@d1994.05 | |
| 215 | @a104页@d24开 | |
| 606 | 0 | @a英语 |
| 690 | @aH319.4@v3 | |
| 701 | 0 | @a敖凡@4主编 |
| 801 | @aCN@bPftUser@c20000810 | |
| 905 | @dH319.4@eA.188/3@b101645-649@f5 | |
| 天方夜谭/敖凡 主编.-成都:四川人民出版社,1994.05 |
| 104页;24开 |
| ISBN 7-220-03243-9:5.90元 |
| ● |
| 相关链接 |
|
|
|
正题名:天方夜谭
索取号:H319.4/A.188/3
 
预约/预借
| 序号 | 登录号 | 条形码 | 馆藏地/架位号 | 状态 | 备注 |
| 1 | 101645 | 201016453 | 自科二线504/504自科库 22排2列4层/ [索取号:H319.4/A.188/3] | 在馆 | |
| 2 | 101646 | 201016462 | 语言库209/ [索取号:H319.4/A.188/3] | 在馆 | |
| 3 | 101647 | 201016471 | 社科二线400B/400B社科库 4排1列3层/ [索取号:H319.4/A.188/3] | 在馆 | |
| 4 | 101648 | 201016480 | 语言库209/209语言库 43排7列2层/ [索取号:H319.4/A.188/3] | 在馆 | |
| 5 | 101649 | 201016499 | 语言库209/209语言库 43排7列2层/ [索取号:H319.4/A.188/3] | 在馆 |